书目信息 |
| 题名: |
语言漫话
|
|
| 作者: | 于根元 编 | |
| 分册: | ||
| 出版信息: | 上海 上海教育出版社 1981 |
|
| 页数: | 304页 | |
| 开本: | 19cm | |
| 丛书名: | ||
| 单 册: | ||
| 中图分类: | H0-49 , H0 | |
| 科图分类: | ||
| 主题词: | 语言学--通俗读物 | |
| 电子资源: | ||
| ISBN: | ||
| 000 | 00569nam0 2200229 45 | |
| 001 | 1550685285 | |
| 005 | 20150129184028.33 | |
| 010 | @dCNY0.73 | |
| 091 | @aCN@b9150.48 | |
| 100 | @a19950512d1981 em y0chiy0121 ea | |
| 101 | 0 | @achi |
| 102 | @aCN@b310000 | |
| 105 | @ay z 000yy | |
| 200 | 10 | @a语言漫话@Ayu yan man hua@f于根元编 |
| 210 | @a上海@c上海教育出版社@d1981 | |
| 215 | @a304页@d19cm | |
| 606 | @a语言学@x通俗读物 | |
| 690 | @aH0-49@v3 | |
| 690 | @aH0@v4 | |
| 701 | 0 | @a于根元@Ayu gen yuan@4编 |
| 801 | 0 | @aCN@bTSSF@c20150129 |
| 905 | @aZUCC@dH0@eJY46 | |
| 语言漫话/于根元编.-上海:上海教育出版社,1981 |
| 304页;19cm |
| ISBN :CNY0.73 |
| ● |
| 相关链接 |
|
|
|
|
正题名:语言漫话
索取号:H0/JY46
 
预约/预借
| 序号 | 登录号 | 条形码 | 馆藏地/架位号 | 状态 | 备注 |
| 1 | 7850214 | 278502149 | 学院路分馆/ [索取号:H0/JY46] | 在馆 | |
| 2 | 7850215 | 278502158 | 学院路分馆/ [索取号:H0/JY46] | 在馆 | |
| 3 | 7850216 | 278502167 | 学院路分馆/ [索取号:H0/JY46] | 在馆 | |
| 4 | 7850217 | 278502176 | 学院路分馆/ [索取号:H0/JY46] | 在馆 |